Имя на талом снегу: роман

Bibliographic Details
Main Author: Оноприенко Ю. А. Юрий Алексеевич
Summary:Исключено из фонда НТБ ТПУ
Language:Russian
Published: Москва, Современник, 1991
Format: MixedMaterials Book
KOHA link:https://koha.lib.tpu.ru/cgi-bin/koha/opac-detail.pl?biblionumber=146074

MARC

LEADER 00000nam0a2200000 4500
001 146074
005 20231031144459.0
010 |a 5270012480 
020 |a RU  |b 91-29186 
035 |a (RuTPU)RU\TPU\book\158339 
090 |a 146074 
100 |a 20081027d1991 m y0rusy5003 ca 
101 0 |a rus 
102 |a RU 
105 |a y z 000ay 
200 1 |a Имя на талом снегу  |e роман  |f Ю. А. Оноприенко 
210 |a Москва  |c Современник  |d 1991 
215 |a 247 с. 
333 |a Исключено из фонда НТБ ТПУ 
700 1 |a Оноприенко  |b Ю. А.  |g Юрий Алексеевич 
801 0 |a RU  |b RuMRKP  |c 19950417  |g psbo 
801 1 |a RU  |b 63413507  |c 20081027  |g PSBO 
801 2 |a RU  |b 63413507  |c 20220516  |g PSBO 
942 |c BK